US-Staaten mit Todesstrafe - Statistiken

Allgemein
  • Dieses Quiz wurde 60 mal gespielt
  • Das Durchschnittsergebnis liegt bei 20 aus 30
Antwortstatistiken
Jahr der letzten Hinrichtung Anzahl der Hinrichtungen seit 1976 Antwort % Korrekt
2024 591 Texas
96%
2024 106 Florida
86%
2024 77 Alabama
82%
2018 56 Ohio
81%
2024 77 Georgia
79%
2006 13 Kalifornien
79%
2006 12 Nevada
79%
2019 5 South Dakota
75%
2022 40 Arizona
72%
2017 31 Arkansas
72%
2022 23 Mississippi
72%
2024 44 South Carolina
72%
2024 8 Utah
72%
2006 43 North Carolina
70%
2012 3 Idaho
68%
- 0 Kansas
68%
2024 100 Missouri
68%
2018 4 Nebraska
67%
2024 127 Oklahoma
67%
2008 3 Kentucky
65%
2010 28 Louisiana
65%
2006 3 Montana
65%
1992 1 Wyoming
65%
1999 3 Pennsylvania
61%
2021 20 Indiana
60%
1997 2 Oregon
60%
2020 13 Tennessee
54%
1939 0 New Hampshire
51%
2021 16 Bundesregierung der USA
0%
1961 0 US-Streitkräfte
0%
Keine übereinstimmenden Quizze gefunden
Verteilung der Resultate
Anzahl Personen mit jedem Resultat
Perzentil nach korrekt beantworteten Fragen
Ihre Resultats-Entwicklung
Sie haben dieses Quiz noch nicht gespielt